[Event "Abel Cardona Open"]
[Site "Cali COL"]
[Date "2000.12.17"]
[Round "3"]
[White "Khenkin,I"]
[Black "Alzate,D"]
[Result "0-1"]
[WhiteElo "2633"]
[BlackElo "2419"]

1.d4 Nf6 2.c4 e6 3.Nf3 b6 4.a3 Bb7 5.Nc3 d5 6.cxd5 Nxd5 7.e3 Nd7 8.Bd3 g6
9.O-O Bg7 10.Nxd5 exd5 11.b4 O-O 12.a4 Re8 13.a5 c5 14.bxc5 Nxc5 15.Bb5 Re6
16.Bd2 Ne4 17.axb6 Nxd2 18.Qxd2 Rxb6 19.Rfb1 Bf8 20.Ne5 Qd6 21.g3 h5 22.h4 Kg7
23.Be2 a5 24.Rxb6 Qxb6 25.Bf3 a4 26.Qa2 Ra5 27.Nd7 Qc7 28.Nc5 Qc6 29.Rb1 Ba8
30.Rb4 a3 31.Rb3 Bxc5 32.Rc3 Qf6  0-1

[Event "TCh-YUG Women"]
[Site "Kragujevac YUG"]
[Date "2000.12.20"]
[Round "10"]
[White "Popovic,Al"]
[Black "Djuric,Ve"]
[Result "1/2-1/2"]
[WhiteElo "2045"]
[BlackElo "2024"]

1.d4 Nf6 2.c4 e6 3.Nf3 b6 4.a3 Ba6 5.Qc2 Bb7 6.Nc3 c5 7.e4 cxd4 8.Nxd4 Bc5
9.Nb3 Nc6 10.Bg5 h6 11.Bh4 Nd4 12.Nxd4 Bxd4 13.Nb5 Be5 14.Bxf6 Qxf6 15.O-O-O Qf4+
16.Kb1 Bxe4 17.Bd3 Bxd3 18.Qxd3 O-O 19.Rd2 a6 20.Nd6 Bxd6 21.Qxd6 Qxc4 22.f3 Rac8
23.Qxd7 Rc7 24.Qd6 Rc6 25.Qd7 Rc7 26.Qd6 Rc6 27.Qd7  1/2-1/2

[Event "17th Open"]
[Site "Boblinger GER"]
[Date "2000.12.28"]
[Round "5"]
[White "Jerosch,G"]
[Black "Reljic,R"]
[Result "0-1"]
[WhiteElo "2110"]
[BlackElo "2247"]

1.d4 Nf6 2.c4 e6 3.Nf3 b6 4.a3 Bb7 5.Nc3 d5 6.cxd5 exd5 7.Bg5 Be7 8.e3 O-O
9.Bd3 Ne4 10.Bxe7 Qxe7 11.O-O c5 12.Rc1 Nd7 13.dxc5 Ndxc5 14.Be2 Rfd8 15.Nd4 Qg5
16.b4 Nd7 17.Nf3 Qf5 18.Qd4 Rac8 19.Na2 g5 20.Bb5 Rxc1 21.Nxc1 f6 22.Ne2 Ne5
23.Ne1 Nd6 24.a4 Qe4 25.Bd3 Qxd4 26.Nxd4 Rc8 27.Nb5 Nxb5 28.Bxb5 Rc3 29.f4 Ng4
30.fxg5 fxg5 31.Rf5 h6 32.h3 Nxe3 33.Re5 Kf7 34.Nf3 a6 35.Be8+ Kf6 36.Bd7 d4
37.Re6+ Kg7 38.Nxd4 Kf7 39.Be8+ Kf8 40.Bh5  0-1

[Event "17th Open"]
[Site "Boblinger GER"]
[Date "2000.12.29"]
[Round "7"]
[White "Koehler,R"]
[Black "Zeller,F"]
[Result "0-1"]
[WhiteElo "2255"]
[BlackElo "2434"]

1.d4 Nf6 2.c4 e6 3.Nf3 b6 4.a3 Ba6 5.Qc2 Bb7 6.Nc3 c5 7.e4 cxd4 8.Nxd4 d6
9.Be2 a6 10.Be3 Be7 11.O-O O-O 12.Rfd1 Qc7 13.f3 Re8 14.Rac1 Nbd7 15.Bf1 Rac8
16.Qf2 Qb8 17.b4 Bd8 18.Nb3 Bc7 19.g3 Bd8 20.Na4 Ba8 21.Rc2 Ne5 22.Rcc1 d5
23.exd5 exd5 24.c5 Nxf3+ 25.Kh1 d4 26.Bf4 Ng4 27.Qb2 Nd2+ 28.Kg1 Qb7 29.c6 Rxc6
30.Bg2 Rxc1 31.Bxb7 Rxd1+ 32.Kg2 Bxb7+ 33.Kh3 Nf2+  0-1

[Event "Open"]
[Site "Ano Liosia GRE"]
[Date "2000.12.31"]
[Round "5"]
[White "Kleiner,B"]
[Black "Kokolias,K"]
[Result "1-0"]
[WhiteElo "2199"]
[BlackElo "2097"]

1.d4 e6 2.c4 Nf6 3.Nf3 b6 4.a3 Bb7 5.Nc3 Be7 6.d5 O-O 7.e4 exd5 8.cxd5 Re8
9.Bd3 c6 10.O-O cxd5 11.exd5 Nxd5 12.Nxd5 Bxd5 13.Bxh7+ Kxh7 14.Qxd5 Nc6
15.Bf4 Kg8 16.Rad1 Bf6 17.b4 a6 18.Rd3 Ra7 19.Rfd1 Ne7 20.Qb3 d5 21.h4 Qd7
22.Bg5 Bxg5 23.hxg5 Qf5 24.Re1 Raa8 25.Rde3 Kf8 26.Re5 Qd7 27.Qd3 b5 28.g3 Rad8
29.Qd4 Rc8 30.Kg2 Rc4 31.Qd3 Rcc8 32.Rh1 Ng6 33.Rxd5 Nf4+ 34.gxf4 Qg4+ 35.Kh2 Qh5+
36.Nh4 Qxh4+ 37.Kg2 Qg4+ 38.Qg3 Qxg3+ 39.fxg3 Rc2+ 40.Kf3 Rc3+ 41.Kg4 Ree3
42.Rc5 Rxg3+ 43.Kf5 Rxc5+ 44.bxc5 Rxa3 45.Ke5 Ke7 46.f5 a5 47.Rh7 b4 48.Rxg7 Re3+
49.Kd5 b3 50.g6 a4 51.Rxf7+ Ke8 52.Rb7 a3 53.g7 Rg3 54.f6 Rg5+ 55.Kc4  1-0

[Event "It"]
[Site "Reggio Emilia ITA"]
[Date "2000.12.31"]
[Round "2"]
[White "Naumkin,I"]
[Black "Iotti,P"]
[Result "1-0"]
[WhiteElo "2440"]
[BlackElo "2294"]

1.d4 Nf6 2.Nf3 b6 3.c4 e6 4.a3 Bb7 5.Nc3 d5 6.cxd5 exd5 7.g3 Be7 8.Bg2 O-O
9.O-O Nbd7 10.Bf4 a6 11.Qc2 c5 12.Rad1 Re8 13.dxc5 bxc5 14.Ne5 Nb6 15.Bg5 Qc7
16.Nd3 Rad8 17.e3 h6 18.Bxf6 Bxf6 19.Ne2 Be7 20.Rc1 Nd7 21.Nef4 Qd6 22.Qb3 Qb6
23.Qxb6 Nxb6 24.Nxc5 Bc8 25.Rfd1 Bf6 26.Ncd3 Bf5 27.Rc6 Rb8 28.Nb4 Bxb2 29.Nxa6 Rb7
30.Nc5 Rbb8 31.a4 Bc3 32.Na6 Nxa4 33.Nxb8 Rxb8 34.Nxd5  1-0

[Event "Keres Mem Rapid"]
[Site "Tallinn EST"]
[Date "2001.01.06"]
[Round "3"]
[White "Rustemov,A"]
[Black "Timman,J"]
[Result "1/2-1/2"]
[WhiteElo "2534"]
[BlackElo "2639"]

1.d4 Nf6 2.Nf3 e6 3.c4 b6 4.a3 Bb7 5.Nc3 Ne4 6.Nxe4 Bxe4 7.e3 Be7 8.Bd3 Bxd3
9.Qxd3 d5 10.b4 O-O 11.O-O c6 12.Bd2 Nd7 13.Rfc1 Bd6 14.cxd5 cxd5 15.Rc6 Qe7
16.Rac1 a6 17.e4  1/2-1/2

[Event "Bundesliga 2000-1"]
[Site "Neukoelln GER"]
[Date "2001.01.07"]
[Round "5"]
[White "Von Herman,U"]
[Black "Hellsten,J"]
[Result "0-1"]
[WhiteElo "2357"]
[BlackElo "2470"]

1.d4 Nf6 2.c4 e6 3.Nf3 b6 4.a3 Bb7 5.Nc3 d5 6.cxd5 exd5 7.Bf4 Be7 8.e3 O-O
9.Bd3 Nbd7 10.Rc1 a6 11.O-O Re8 12.Qe2 c5 13.Rfd1 c4 14.Bb1 b5 15.Ne5 Qb6
16.Qf3 Rad8 17.Nxd7 Rxd7 18.Be5 Rdd8 19.Qg3 Bd6 20.f4 Be7 21.Rd2 Bf8 22.Rf1 Ne4
23.Bxe4 dxe4 24.d5 f6 25.Bd4 Bc5 26.Qe1 a5 27.Bxc5 Qxc5 28.Rd4 f5 29.Qc1 Rd6
30.Qc2 Ba6 31.Qd2 Red8 32.g4 b4 33.axb4 axb4 34.Na2 Rb8 35.gxf5 Bc8  0-1

[Event "Anibal Open"]
[Site "Anibal Open ESP"]
[Date "2001.01.08"]
[Round "1"]
[White "Najer,E"]
[Black "Estremera Panos,S"]
[Result "1-0"]
[WhiteElo "2597"]
[BlackElo "2364"]

1.d4 Nf6 2.Nf3 e6 3.c4 b6 4.a3 Bb7 5.Nc3 d5 6.cxd5 Nxd5 7.Qc2 Nxc3 8.Qxc3 h6
9.Bf4 Bd6 10.Ne5 O-O 11.Rd1 Nd7 12.f3 Qe7 13.e4 Rfd8 14.Be2 Rac8 15.Nd3 Bxf4
16.Nxf4 c5 17.d5 exd5 18.Nxd5 Bxd5 19.Rxd5 Nf8 20.Bc4 Ne6 21.Qe5 Kf8 22.Kf2 Rxd5
23.Bxd5 Nc7 24.Qxe7+ Kxe7 25.Ba2 Rd8 26.Ke3 Nb5 27.Rc1 Rd4 28.b4 cxb4 29.Bc4 Rxc4
30.Rxc4 bxa3 31.Kd3 Kd6 32.h4 Kd7 33.h5 f6 34.Kc2 a6 35.Kb3 Kd6 36.Ka2 Kd7
37.e5 fxe5 38.Rg4 Kd6 39.Rxg7 e4 40.fxe4 Nc3+ 41.Kxa3 Nxe4 42.Rg6+ Ke5 43.Rxh6 Nf6
44.Rg6  1-0

[Event "Anibal Open"]
[Site "Anibal Open ESP"]
[Date "2001.01.10"]
[Round "3"]
[White "Najer,E"]
[Black "Del Rio Angelis,S"]
[Result "1-0"]
[WhiteElo "2597"]
[BlackElo "2467"]

1.d4 Nf6 2.Nf3 e6 3.c4 b6 4.a3 Bb7 5.Nc3 d5 6.cxd5 Nxd5 7.e3 Be7 8.Bb5+ c6
9.Bd3 O-O 10.e4 Nxc3 11.bxc3 c5 12.O-O Nd7 13.Qe2 Qc7 14.h4 Rae8 15.h5 e5
16.d5 f5 17.exf5 Bxd5 18.h6 c4 19.Be4 Bxe4 20.Qxe4 Nf6 21.Qxe5 Qxe5 22.Nxe5 Bc5
23.hxg7 Kxg7 24.Nxc4 Ng4 25.Be3 Bxe3 26.fxe3 Nxe3 27.f6+ Kg6 28.f7 Re4 29.Rae1 Rxc4
30.Rxe3 Rc7 31.Rg3+ Kh5 32.Rf5+ Kh6 33.Rf6+ Kh5 34.Rg7 Rxc3 35.Kh2  1-0

[Event "Anibal Open"]
[Site "Anibal Open ESP"]
[Date "2001.01.12"]
[Round "5"]
[White "Gershon,A"]
[Black "Estremera Panos,S"]
[Result "1-0"]
[WhiteElo "2502"]
[BlackElo "2364"]

1.d4 Nf6 2.c4 e6 3.Nf3 b6 4.a3 Bb7 5.Nc3 d5 6.cxd5 Nxd5 7.Qc2 Nxc3 8.bxc3 Be7
9.e4 O-O 10.Bd3 c5 11.O-O Qc7 12.Qe2 Nd7 13.Bb2 c4 14.Bc2 b5 15.h4 e5 16.h5 Rfe8
17.Bc1 Bf6 18.d5 Nc5 19.Be3 Be7 20.a4 bxa4 21.Bxc5 Bxc5 22.Rxa4 Bb6 23.Rb1 Rac8
24.Nd2 Red8 25.Qg4 f5 26.Qxf5 Rf8 27.Qe6+ Kh8 28.Rxb6 Qxb6 29.Qxb6 axb6 30.Rb4 Ra8
31.Nxc4 Ra1+ 32.Rb1 Rxb1+ 33.Bxb1 Rc8 34.d6 b5 35.Nxe5 Kg8 36.Ba2+ Kf8 37.Nf7 Bc6
38.e5 Ra8 39.Bb3 Ra3 40.Nd8 Rxb3 41.Nxc6 Rb1+ 42.Kh2 Rd1 43.f4 Ke8 44.f5 h6
45.Nb4 Kd7 46.Kg3 Rc1 47.Nd5 Rd1 48.Nc7 Kc6 49.Kg4 Rd3 50.Ne6 Rd2 51.g3 Rd3
52.Kf4 Kb6 53.Ke4  1-0

[Event "Anibal Open"]
[Site "Linares ESP"]
[Date "2001.01.15"]
[Round "8"]
[White "Bacrot,E"]
[Black "Gershon,A"]
[Result "1-0"]
[WhiteElo "2618"]
[BlackElo "2540"]

1.d4 Nf6 2.c4 e6 3.Nf3 b6 4.a3 Bb7 5.Nc3 d5 6.Bg5 Be7 7.Qa4+ Qd7 8.Qxd7+ Nbxd7
9.Nb5 O-O 10.cxd5 Nxd5 11.Bxe7 Nxe7 12.Nxc7 Rac8 13.Nb5 Rc2 14.Rb1 Be4 15.Ng5 Nf6
16.Nxa7 Ra8 17.e3 Bg6 18.Nb5 Rac8 19.Be2 Rxe2+ 20.Kxe2 Rc2+ 21.Ke1 h6 22.Nh3 Bd3
23.Nc3 Rxc3 24.bxc3 Bxb1 25.f3 Ne8 26.Kd2 Ba2 27.Ra1 Bc4 28.Nf2 Ba6 29.Nd3 Nd6
30.Nb4 Bc4 31.e4 f5 32.Ke3 g5 33.a4 Bb3 34.d5 exd5 35.Nxd5 Nxd5+ 36.exd5 Bxd5
37.Kd4 Bf7 38.Rb1 Nc8 39.Ke5 Be8 40.Rb4 Kf7 41.Kxf5 Ne7+ 42.Ke4 Ng6 43.g3 Bc6+
44.Kd4 h5 45.c4 Nf8 46.Ke5 Ke7 47.Kf5 Nd7 48.Rb3 g4 49.Re3+ Kf7 50.f4 Bxa4
51.Kg5 Nf6 52.f5 Bc2 53.Re6 Nh7+ 54.Kxh5 Bxf5 55.Rxb6 Nf6+ 56.Kg5 Be6 57.Rb7+ Bd7
58.c5 Ne4+ 59.Kh4 Ke8 60.Rb8+ Ke7 61.c6 Bxc6 62.Kxg4 Bd5 63.Kh4 Kf7 64.h3 Kg7
65.g4 Nf6 66.Kg5 Bf7 67.Rb6 Nd5 68.Rb7 Nf6 69.Ra7 Nh7+ 70.Kf5 Nf6 71.g5 Nd5
72.g6 Ne3+ 73.Kg5  1-0

[Event "Anibal Open"]
[Site "Linares ESP"]
[Date "2001.01.15"]
[Round "8"]
[White "Riazantsev,A"]
[Black "Psakhis,L"]
[Result "1/2-1/2"]
[WhiteElo "2485"]
[BlackElo "2598"]

1.d4 e6 2.c4 Nf6 3.Nf3 b6 4.a3 Bb7 5.Nc3 d5 6.Bg5 Be7 7.e3 O-O 8.cxd5 exd5
9.Be2 Nbd7 10.O-O c5 11.Rc1 Ne4 12.Bxe7 Qxe7 13.dxc5  1/2-1/2

[Event "Anibal Open"]
[Site "Linares ESP"]
[Date "2001.01.18"]
[Round "11"]
[White "Najer,E"]
[Black "Ibragimov,I"]
[Result "0-1"]
[WhiteElo "2616"]
[BlackElo "2571"]

1.d4 Nf6 2.c4 e6 3.Nf3 b6 4.a3 d5 5.cxd5 exd5 6.Nc3 Be7 7.Bf4 O-O 8.e3 c5
9.Bd3 Bb7 10.Qc2 Nbd7 11.O-O a6 12.Ne5 Re8 13.Rad1 Nf8 14.Bg5 Rc8 15.Bf5 Rc7
16.Qb3 cxd4 17.exd4 b5 18.Rfe1 g6 19.Bh3 Nh5 20.Bxe7 Rcxe7 21.g3 Ne6 22.Qb4 Nf6
23.Re3 Ne4 24.Bg2 h5 25.h4 Qb6 26.Nxe4 dxe4 27.Nc4 Qd8 28.Nd6 a5 29.Nxb7 Rxb7
30.Qd2 f5 31.Bf1 Qd5 32.f3 Rd7 33.fxe4 fxe4 34.Qxa5 Nxd4 35.Bg2 Ne2+ 36.Rxe2 Qxd1+
37.Re1 Qd4+ 38.Kh2 Qxb2 39.Qb6 Kh7 40.a4 Rd2 41.Rg1 bxa4  0-1

[Event "Corus Reserve Gp"]
[Site "Wijk aan Zee NED"]
[Date "2001.01.23"]
[Round "7"]
[White "Cmilyte,V"]
[Black "Dgebuadze,A"]
[Result "1/2-1/2"]
[WhiteElo "2433"]
[BlackElo "2550"]

1.d4 Nf6 2.c4 e6 3.Nf3 b6 4.a3 Bb7 5.Nc3 d5 6.Qc2 Nbd7 7.Bg5 Be7 8.cxd5 exd5
9.g3 O-O 10.Bh3 Re8 11.O-O h6 12.Bd2 Ne4 13.Rad1 Nxd2 14.Rxd2 Bf8 15.b4 a5  1/2-1/2

[Event "Elbow Beach Club GMA"]
[Site "Paget Parish BER"]
[Date "2001.01.26"]
[Round "7"]
[White "Vescovi,G"]
[Black "Stefansson,H"]
[Result "1/2-1/2"]
[WhiteElo "2519"]
[BlackElo "2570"]

1.d4 Nf6 2.c4 e6 3.Nf3 b6 4.a3 Bb7 5.Nc3 d5 6.cxd5 Nxd5 7.e3 Be7 8.Bb5+ c6
9.Bd3 O-O 10.Qc2 h6 11.e4 Nxc3 12.bxc3 c5 13.O-O Qc8 14.Qe2 Ba6 15.Rd1 Rd8
16.Ne5 Bf8 17.Bf4 Bxd3 18.Rxd3 Nc6 19.Rad1 Nxe5 20.Bxe5 cxd4 21.cxd4 Bd6
22.Bxd6  1/2-1/2

[Event "Open"]
[Site "Ubeda ESP"]
[Date "2001.01.29"]
[Round "9"]
[White "Najer,E"]
[Black "Zhang Zhong"]
[Result "0-1"]
[WhiteElo "2616"]
[BlackElo "2607"]

1.d4 Nf6 2.c4 e6 3.Nf3 b6 4.a3 Ba6 5.Qc2 Bb7 6.Nc3 c5 7.e4 cxd4 8.Nxd4 Bc5
9.Nb3 Nc6 10.Bf4 e5 11.Bg5 h6 12.Bh4 Be7 13.f3 O-O 14.Bf2 Ne8 15.Rd1 Nc7
16.c5 Ne6 17.cxb6 Ncd4 18.Nxd4 Nxd4 19.Qb1 Qxb6 20.Bd3 Qg6 21.Bg3 h5 22.O-O d6
23.Ne2 Ne6 24.Bf2 h4 25.b4 Ng5 26.Be3 Nh3+ 27.Kh1 Bg5 28.Qc1 Rfc8 29.Qd2 Qh6
30.Bxg5 Nxg5 31.h3 Rc7 32.Nc3 Rd8 33.Nd5 Bxd5 34.exd5 Re7 35.a4 Qh5 36.Rfe1 g6
37.a5 Nh7 38.Bb5 f5 39.Bc6 g5 40.b5 Nf6 41.b6 g4 42.fxg4 fxg4 43.Qf2 Rf7
44.bxa7 Ne4 45.Qb6 Nf2+ 46.Kg1 Rdf8 47.a8=Q Rxa8 48.Bxa8 Nxd1 49.Rxd1 gxh3
50.Rd2 Rf1+ 51.Kxf1 h2 52.Qd8+ Kg7 53.Qe7+ Qf7+ 54.Qxf7+ Kxf7 55.Kf2 h1=Q
56.Bb7 Qc1 57.Ke2 Qc4+ 58.Ke1 Qe4+  0-1

[Event "It"]
[Site "Bajmok YUG"]
[Date "2001.02.01"]
[Round "7"]
[White "Rajkovic,Du"]
[Black "Zegarac,B"]
[Result "1-0"]
[WhiteElo "2491"]
[BlackElo "2271"]

1.Nf3 Nf6 2.c4 b6 3.d4 e6 4.a3 Bb7 5.Nc3 d5 6.cxd5 exd5 7.g3 Be7 8.Bf4 O-O
9.Bg2 c5 10.O-O Na6 11.Rc1 Re8 12.Qa4 cxd4 13.Nxd4 Nc5 14.Qc2 a6 15.Rfd1 Qd7
16.Nf5 Bf8 17.Bg5 Re5 18.Bh3 Qc6 19.Nd4 Qe8 20.Bxf6 gxf6 21.Nf3 Re7 22.b4  1-0

[Event "It"]
[Site "Bajmok YUG"]
[Date "2001.02.02"]
[Round "8"]
[White "Kizov,A"]
[Black "Rajkovic,Du"]
[Result "1/2-1/2"]
[WhiteElo "2363"]
[BlackElo "2491"]

1.d4 Nf6 2.c4 e6 3.Nf3 b6 4.a3 Ba6 5.Qb3 Nc6 6.Qc2 b5 7.cxb5 Bxb5 8.Nc3 Ba6
9.b4 Bc4 10.e4 Bxf1 11.Kxf1 Qb8 12.g3 g6 13.Kg2 Bg7 14.e5 Nd5 15.Nxd5 exd5
16.Qc5 Ne7 17.Bg5 d6 18.exd6 cxd6 19.Qa5 f6 20.Bf4 g5 21.Qa4+ Kf7 22.Bd2 Qe8
23.Qb3 Qd7 24.Rhe1 h5 25.h4 g4 26.Ng1 Qf5 27.Ne2 Rac8 28.Nf4 Rc4 29.Qa4 Ra8
30.Qa6 Bf8 31.Qb7 Rac8 32.Qxa7 R8c7 33.Qa5 Bh6 34.b5 Bxf4 35.Bxf4 Ng6 36.b6 Nxf4+
37.gxf4 Rb7 38.Qa8 Qc8 39.Qxc8 Rxc8 40.Rab1 Rc6 41.Rb5 Rbxb6 42.Rxd5 Rb2
43.Rxh5 Rc3 44.Rh7+ Kg6 45.Rd7 Rxa3 46.Rxd6 Rf3 47.Rf1 Kf5 48.h5 Rxf4 49.h6 Rf3
50.h7 Rh3 51.Rc1 Rxh7 52.Rc5+ Kg6 53.Kg3 Rhb7 54.Kxg4 Rxf2 55.Rg5+ Kf7 56.Rf5 Rg2+
57.Kf3 Rg6 58.Ke4 Ke7 59.Ra6 Rg4+ 60.Rf4  1/2-1/2

[Event "9th Aosta Valley"]
[Site "Saint Vincent ITA"]
[Date "2001.02.05"]
[Round "3"]
[White "Eingorn,V"]
[Black "Skembris,S"]
[Result "1-0"]
[WhiteElo "2589"]
[BlackElo "2440"]

1.Nf3 Nf6 2.c4 e6 3.d4 b6 4.a3 Bb7 5.Nc3 Ne4 6.Nxe4 Bxe4 7.e3 Be7 8.Bd3 Bxd3
9.Qxd3 O-O 10.O-O d5 11.Bd2 Nd7 12.Rfd1 c6 13.cxd5 cxd5 14.Rdc1 a6 15.Bb4 Ra7
16.Bxe7 Qxe7 17.Rc6 Rb7 18.Rac1 Nb8 19.Rc8 g6 20.h4 Kg7 21.Qc3 Rxc8 22.Qxc8 Qd7
23.Ne5 Qxc8 24.Rxc8 a5 25.g4 f6 26.Nd3 Nd7 27.Nf4 Nf8 28.g5 fxg5 29.hxg5 Kf7
30.Kg2 Ke7 31.Kg3 Rd7 32.Nd3 Rd8 33.Rc6 Rd6 34.Rc7+ Rd7 35.Rc3 Kd8 36.Rc6 Rb7
37.Ne5 Ke7 38.Kf4 Kd8 39.f3 a4 40.e4 b5 41.Ra6 Kc7 42.Nd3 Kb8 43.Nc5 Ra7
44.Ke3 dxe4 45.Kxe4 Nd7 46.Nxd7+ Rxd7 47.Rb6+ Kc7 48.Rxb5 Kd6 49.f4 Ra7 50.Rb6+ Ke7
51.Kd3 Rc7 52.Rb4 Ra7 53.Kc4 Kd7 54.Rb6 Rc7+ 55.Kb4 Ra7 56.Kb5 Ra8 57.Kc5 Ra5+
58.Rb5 Ra7 59.d5 exd5 60.Kb6 Ra8 61.Rxd5+ Ke6 62.Re5+ Kf7 63.Kb7 Rd8 64.Re4 Rd2
65.Rxa4 Rxb2+ 66.Rb4 Ra2 67.a4 Ke6 68.Kc6 Ra1 69.Re4+ Kf5 70.Rd4 Ra2 71.Kb5 h5
72.gxh6 Rh2 73.a5 Rxh6 74.a6 Rh7 75.Kb6 Re7 76.a7 Re8 77.Rb4 Kg4 78.Kb7 Re7+
79.Ka6 Re8 80.Rb6 Kf5 81.Rb8 Re6+ 82.Kb5  1-0

[Event "9th Aosta Valley"]
[Site "Saint Vincent ITA"]
[Date "2001.02.06"]
[Round "4"]
[White "Eingorn,V"]
[Black "Vescovi,G"]
[Result "1/2-1/2"]
[WhiteElo "2589"]
[BlackElo "2519"]

1.d4 Nf6 2.Nf3 e6 3.c4 b6 4.a3 Ba6 5.e3 d5 6.Nbd2 Be7 7.Qa4+ c6 8.cxd5 Bxf1
9.Nxf1 b5 10.Qb3 Qxd5 11.Qd3 Nbd7 12.N1d2 Nc5 13.Qe2 Nce4 14.O-O O-O 15.Rd1 a6
16.Nxe4 Nxe4 17.Ne5 c5 18.f3 cxd4 19.fxe4 Qxe5 20.exd4 Qd6 21.Be3 f5 22.Bf2 fxe4
23.Qxe4 Bf6 24.Rac1 Rac8 25.Re1 Qd7 26.Rc5 Rxc5 27.dxc5 Bxb2 28.Qxe6+ Qxe6
29.Rxe6 Ra8 30.Re3 Rc8 31.Rd3 Kf7 32.Kf1 Be5 33.Rd7+ Ke6 34.Ra7 Rc6 35.Ke2 Bb2
36.Kd3 Bxa3 37.Rxg7 Bxc5 38.Bxc5 Rxc5 39.Ra7 Rh5 40.Rxa6+ Ke5 41.Rb6 Rxh2
42.Ke3 Rxg2 43.Rxb5+ Kf6 44.Kf3 Ra2  1/2-1/2

[Event "It"]
[Site "Tel Aviv ISR"]
[Date "2001.02.27"]
[Round "7"]
[White "Mikhalevski,A"]
[Black "Gyimesi,Z"]
[Result "1/2-1/2"]
[WhiteElo "2438"]
[BlackElo "2564"]

1.d4 Nf6 2.c4 e6 3.Nf3 b6 4.a3 Bb7 5.Nc3 d5 6.Bg5 Be7 7.Qa4+ Bc6 8.Qb3 dxc4
9.Qxc4 O-O 10.e3 Bb7 11.Be2 Nbd7 12.O-O c5 13.Rfd1 Nd5 14.Bxe7  1/2-1/2

[Event "Open"]
[Site "Cappelle la Grande FRA"]
[Date "2001.03.01"]
[Round "7"]
[White "Grooten,H"]
[Black "Shneider,A"]
[Result "1/2-1/2"]
[WhiteElo "2367"]
[BlackElo "2516"]

1.d4 Nf6 2.c4 e6 3.Nf3 b6 4.a3 Ba6 5.Qc2 Bb7 6.Nc3 c5 7.dxc5 bxc5 8.Bf4 Be7
9.h3 O-O 10.e3 d5 11.Rd1 Qa5 12.Be2 Ne4 13.cxd5 exd5 14.O-O Nxc3 15.Qxc3 Qxc3
16.bxc3 Nd7 17.Rb1 Bc6 18.c4 dxc4 19.Bxc4 Nb6 20.Ne5 Be4 21.Rb5 Nxc4 22.Nxc4 Rfd8
23.Rc1 g5 24.Bg3 Rd3 25.Ra5 Bd5 26.Nd6 c4 27.Nf5 Bf6 28.Be5 Bxe5 29.Ne7+ Kf8
30.Nxd5 Rd8 31.e4 c3 32.Kf1 Bd4 33.Rc2 Rd2 34.Rxd2 cxd2 35.Ke2 Bxf2 36.Kxd2 Be1+
37.Kxe1 Rd7 38.Rb5 f5 39.Ke2 fxe4  1/2-1/2

[Event "FSIMB March"]
[Site "Budapest HUN"]
[Date "2001.03.03"]
[Round "1"]
[White "Zimmerman,Y"]
[Black "Balogh,C"]
[Result "1/2-1/2"]
[WhiteElo "2386"]
[BlackElo "2340"]

1.d4 Nf6 2.c4 e6 3.Nf3 b6 4.a3 Ba6 5.Qb3 Be7 6.d5 O-O 7.Nc3 d6 8.e4 e5 9.Be2 Nbd7
10.O-O Ne8 11.Qc2 g6 12.b4 Ng7 13.Nd2 f5 14.Bb2 f4 15.Rfc1 g5 16.c5 Bxe2
17.cxd6 Bxd6 18.Nxe2 g4 19.f3 Qg5 20.Qd3 Rf6 21.fxg4 Qxg4 22.Qf3 Qh4 23.Nc3 Rh6
24.Nf1 a6 25.Nd1 Nh5 26.Nf2 Nhf6 27.Rc6 Kh8 28.Rac1 Rg8 29.Nd3 Rhg6 30.R6c2 Qg4
31.Qxg4 Rxg4 32.Re1 f3 33.Ng3 fxg2 34.Nf2 R4g6 35.Kxg2 Nh5 36.Rc3 Rf8 37.Nd3 Nf4+
38.Kh1 Nxd3 39.Rxd3 Rf2 40.Bc1 Nf6 41.Rd2 Rf3 42.Rde2 Ng4 43.Rg2 Nf2+ 44.Kg1 Nh3+
45.Kh1  1/2-1/2

[Event "Tch-NED"]
[Site "NED"]
[Date "2001.03.03"]
[Round "5"]
[White "Bosboom,M"]
[Black "Douven,R"]
[Result "0-1"]
[WhiteElo "2439"]
[BlackElo "2408"]

1.d4 Nf6 2.c4 e6 3.Nf3 b6 4.a3 Ba6 5.Qc2 c5 6.Nbd2 Nc6 7.dxc5 bxc5 8.g3 Be7
9.Bg2 O-O 10.O-O d5 11.b3 Rb8 12.Bb2 d4 13.Ne1 Bb7 14.Nd3 Qc7 15.Rfe1 Rfd8
16.e4 dxe3 17.Rxe3 Ng4 18.Re2 Qd7 19.Nf4 Bg5 20.Ne4 Nd4 21.Bxd4 Qxd4 22.Rae1 Bxf4
23.gxf4 f5 24.Ng3 Bxg2 25.Kxg2 Qxf4 26.Qc3 Nf6 27.Rxe6 Rd2 28.R1e2 Rxe2 29.Rxe2 h5
30.Qe5 Qxe5 31.Rxe5 Rxb3 32.Rxc5 g6 33.Rc6 Kf7 34.Rc7+ Ke6 35.Ne2 Rxa3 36.Nf4+ Kd6
37.Rf7 Ne4 38.Nxg6 Ke6 39.Rh7 Ra2 40.Nf4+ Ke5 41.Nh3 a5 42.Rd7 a4 43.Rd5+ Kf6
44.Kf3 Nc3 45.Ra5 Ra3 46.Kg2 h4 47.Nf4 Ne4 48.Nd5+ Ke6 49.Nf4+ Kd6 50.Rxf5 Rc3
51.Ra5 Nc5 52.h3 Rxc4 53.Kf3 Kc6 54.Ke3 Kb6 55.Ra8 Na6 56.Nd5+ Kb7 57.Rg8 Nc5
58.f4 a3 59.Rg2 Kc6 60.Rd2 Nb3 61.Ne7+ Kc5 62.Ra2 Rc3+ 63.Ke4 Kc4 64.Kf5 Rg3
65.Ng6 Nd4+ 66.Kf6 Kb3 67.Rh2 Nf3 68.Rf2 Rxh3 69.f5 a2 70.Rf1 Rg3 71.Ke7  0-1

[Event "Ivan Zanic Mem"]
[Site "Stara Pazova YUG"]
[Date "2001.03.10"]
[Round "2"]
[White "Dimitrov,V"]
[Black "Prelevic,D"]
[Result "1-0"]
[WhiteElo "2499"]
[BlackElo "2385"]

1.d4 Nf6 2.c4 e6 3.Nf3 b6 4.a3 Bb7 5.Nc3 d5 6.Bg5 Be7 7.Qa4+ Qd7 8.Qc2 O-O
9.e3 h6 10.Bxf6 Bxf6 11.cxd5 exd5 12.Rd1 Nc6 13.Be2 Nd8 14.O-O Re8 15.b4 c6
16.Qb3 a6 17.a4 Ne6 18.a5 b5 19.Ne1 Qd6 20.Nd3 Bc8 21.Rfe1 Ra7 22.Bf1 Bd8
23.Ne5 Nf8 24.Rc1 Rc7 25.g3 Be6 26.Ne2 f6 27.Nd3 Nh7 28.Nc5 Bc8 29.Bg2 Ng5
30.Nf4 f5 31.Nfd3 Ne4 32.Re2 g5 33.Rec2 Kg7 34.Ne5 Bf6 35.Nxe4 fxe4 36.Rxc6 Rxc6
37.Rxc6 Qd8 38.f4 gxf4 39.exf4 Bb7 40.Rc5 Be7 41.Qd1 Bxc5 42.Qg4+  1-0

[Event "Ivan Zanic Mem"]
[Site "Stara Pazova YUG"]
[Date "2001.03.16"]
[Round "8"]
[White "Prelevic,D"]
[Black "Zivanic,M"]
[Result "1-0"]
[WhiteElo "2385"]
[BlackElo "2418"]

1.d4 Nf6 2.c4 e6 3.Nf3 b6 4.a3 Ba6 5.Qa4 Bb7 6.Nc3 Be7 7.Bg5 c5 8.Rd1 cxd4
9.Nxd4 O-O 10.e3 a6 11.Bd3 Qc7 12.O-O Nc6 13.Nf3 Rfc8 14.Qc2 h6 15.Bf4 d6
16.h3 Na5 17.Nd2 Nd7 18.b4 Nc6 19.Rc1 Nce5 20.Be2 Ng6 21.Bg3 Bh4 22.Bh2 Be7
23.Rfd1 Nh4 24.e4 Ng6 25.Qd3 Rd8 26.Qe3 Rac8 27.Bh5 Qb8 28.Bxg6 fxg6 29.Ne2 e5
30.Nc3 Bg5 31.Qd3 Nf6 32.Nd5 Nxd5 33.exd5 Kh7 34.h4 Bxh4 35.Ne4 Be7 36.f4 exf4
37.Bxf4 Qa8 38.Bg5 Rc7 39.Rf1 Bc8 40.Rf7 hxg5 41.Qd4 Rg8 42.Rxe7  1-0

[Event "TCh-SVK"]
[Site "SVK"]
[Date "2001.03.18"]
[Round "11"]
[White "Markos,J"]
[Black "Petrik,T"]
[Result "1-0"]
[WhiteElo "2327"]
[BlackElo "2289"]

1.d4 Nf6 2.c4 e6 3.Nf3 b6 4.a3 Bb7 5.Nc3 d5 6.cxd5 Nxd5 7.e3 Be7 8.Bb5+ c6
9.Bd3 Nd7 10.e4 Nxc3 11.bxc3 O-O 12.O-O c5 13.Qe2 Rc8 14.Bb2 Qc7 15.Rad1 Rfd8
16.Rfe1 e5 17.Bb5 cxd4 18.cxd4 exd4 19.Nxd4 Ne5 20.Rc1 Qb8 21.Nf5 Bf8 22.Qe3 Rxc1
23.Rxc1 Rc8 24.Rxc8 Bxc8 25.Qg3 f6 26.Nh6+ Kh8 27.Nf7+ Kg8 28.Bc4 b5 29.Bb3  1-0

[Event "17th Spring Festival"]
[Site "Budapest HUN"]
[Date "2001.03.24"]
[Round "9"]
[White "Galyas,M"]
[Black "Tian Tian"]
[Result "1-0"]
[WhiteElo "2375"]
[BlackElo "2224"]

1.d4 Nf6 2.Nf3 e6 3.c4 b6 4.a3 Bb7 5.Nc3 d5 6.cxd5 Nxd5 7.e3 Be7 8.Bb5+ c6
9.Bd3 O-O 10.O-O c5 11.Nxd5 Bxd5 12.e4 Bb7 13.dxc5 bxc5 14.Be3 c4 15.Bc2 Nc6
16.Qe2 Qc8 17.Bd2 e5 18.Bc3 Qe6 19.Rfd1 Rfd8 20.Rxd8+ Rxd8 21.Rd1 f6 22.Rxd8+ Bxd8
23.Nd2 Ba6 24.Bb3 Nd4 25.Qxc4 Bxc4 26.Bxc4 Kf7 27.Bxd4 exd4 28.Kf1 d3 29.Ke1 Ba5
30.Kd1 Bc7 31.h3 Bb6 32.f3 Be3 33.b4 Bd4 34.Bxe6+ Kxe6 35.Nb3 Bb2 36.Nc5+ Kd6
37.Nxd3 Bxa3 38.Kc2 a5 39.bxa5 Kc6 40.Kb3 Bd6 41.Kc4 Bc7 42.Nb4+ Kb7 43.Kb5 g5
44.a6+ Ka7 45.Nc6+ Ka8 46.Kc4 Bf4 47.Kd5 Bd2 48.Ke6 Bc3 49.Kf5  1-0

[Event "Tch-NED"]
[Site "NED"]
[Date "2001.03.25"]
[Round "8"]
[White "Delemarre,J"]
[Black "Van Gisbergen,S"]
[Result "1/2-1/2"]
[WhiteElo "2370"]
[BlackElo "2328"]

1.d4 Nf6 2.c4 e6 3.Nf3 b6 4.a3 Ba6 5.Qc2 Bb7 6.Nc3 c5 7.dxc5 Bxc5 8.Bf4 O-O
9.Rd1 Be7 10.e3 Na6 11.b4 Nc7 12.Be2 a5 13.Qb2 axb4 14.axb4 Ne4 15.Nxe4 Bxe4
16.Be5 f6 17.Bc3 b5 18.cxb5 Rb8 19.O-O Nxb5 20.Bxb5 Rxb5 21.Nd4 Rb6  1/2-1/2

[Event "Open"]
[Site "Bled SLO"]
[Date "2001.03.26"]
[Round "3"]
[White "Hanko,P"]
[Black "Podlesnik,B"]
[Result "1/2-1/2"]
[WhiteElo "2234"]
[BlackElo "2407"]

1.d4 Nf6 2.Nf3 e6 3.c4 b6 4.a3 Bb7 5.Nc3 g6 6.d5 exd5 7.cxd5 Bg7 8.g3 O-O
9.Bg2 c6 10.d6 c5 11.O-O Re8 12.Rb1 Ne4 13.Nd5 Bxd5 14.Qxd5 Nc6 15.Ng5 Nxg5
16.Bxg5 Bf6 17.Bxf6 Qxf6 18.e3 Rad8 19.b4 Kg7 20.Rfc1 cxb4 21.axb4 Re6 22.Rd1 Qc3
23.b5 Re5 24.Qd3 Qxd3 25.Rxd3 Na5 26.Rc3 Re6 27.Rd1 Re5 28.Rd5 Kf6 29.f4 Ree8
30.e4 Nb7 31.e5+ Kg7 32.Rc7 Nc5 33.Rd1 f6 34.Rd5 Rc8 35.Rxa7 Ra8 36.Rxa8 Rxa8
37.Bh3 Ra1+ 38.Kf2 f5 39.Bg2 Ra2+ 40.Kf1 Rb2 41.Rd1 Rxb5 42.Ra1 h6 43.Ra7 Rb1+
44.Ke2 Rb2+ 45.Kf1 Rb1+ 46.Ke2 Rb2+  1/2-1/2

[Event "Wotulo Mem"]
[Site "Jakarta INA"]
[Date "2001.03.28"]
[Round "7"]
[White "Kosasih,C"]
[Black "Zaw Win Lay"]
[Result "1/2-1/2"]
[WhiteElo "2420"]
[BlackElo "2537"]

1.d4 Nf6 2.Nf3 e6 3.c4 b6 4.a3 Bb7 5.Nc3 d5 6.cxd5 Nxd5 7.g3 c5 8.Nxd5 Bxd5
9.Bg2 Be7 10.dxc5 bxc5 11.O-O O-O 12.Qc2 Qb6 13.e4 Bc6 14.Be3 Nd7 15.Nd2 Bb5
16.Rfc1 Rac8 17.a4 Ba6 18.a5 Qb8 19.Nc4 Ne5 20.Nxe5 Qxe5 21.Bf4 Qh5 22.Qd1 Qxd1+
23.Rxd1 Rfd8 24.Bf1 Bxf1 25.Kxf1 a6 26.Ke2 Kf8 27.Rd3 Ke8 28.Rc1 Rxd3 29.Kxd3 Kd7
30.Kc4 Kc6 31.Be5 Bf6 32.Bxf6 gxf6 33.Rd1 Rb8 34.Kc3 e5 35.f3 c4 36.f4 Rb3+
37.Kxc4 Rxb2 38.fxe5 fxe5 39.Rf1 Rc2+ 40.Kb4 Rb2+ 41.Kc4 Rc2+  1/2-1/2